000 00716nam a2200253Ia 4500
003 OSt
005 20220918220626.0
006 a|||||r|||| 00| 0
007 ta
008 220917b |||||||| |||| 00| 0 eng d
024 _a146,582
037 _cTextual
040 _aARTS
_cARTS
_beng
041 _2eng
_aeng
082 _aY48-31:7:7.235, L9
100 _aDarshankar Arjundrao Y
_9137935
245 0 _aLeadership in panchayati raj
_b A study of Beed district
260 _aJaipur
_bNA
_c1979
300 _a202p. illus
_ccm.
500 _aBibliography p195-202
650 _aSOCIOLOGY
942 _hY48-31:7:7.235, L9
_cTEXL
_2CC
999 _c269338
_d269338